Diana el hada de la diversión / (Registro nro. 12537)
[ vista simple ]
| 000 -LIDER | |
|---|---|
| fixed length control field | 00927nam a2200301 b 4500 |
| 001 - NÚMERO DE CONTROL | |
| Identificador de número de control | |
| 003 - IDENTIFICACDOR DE NÚMERO DE CONTROL | |
| control field | DO-SdBNP |
| 005 - DATE AND TIME OF LATEST TRANSACTION | |
| control field | 20180215144938.0 |
| 008 - ELEMENTOS DE LONGITUD FIJA | |
| fixed length control field | 930323 2010 sp a spa d |
| 017 ## - NÚMERO DE REGISTRO DE DERECHOS DE AUTOR | |
| Copyright or legal deposit number | |
| Assigning agency | |
| 020 ## - ISBN | |
| International Standard Book Number | 9788484416203 |
| 040 ## - FUENTE DE CATALOGACIÓN | |
| Agencia que crea de manera original el registro | BPMSU |
| Idioma de catalogación | spa |
| Agencia que realiza la transcripción | BPMSU |
| 082 04 - NÚMERO DE CLASIFICACIÓN DECIMAL DE DEWEY | |
| Classification number | xxxx |
| Item number | xxxx |
| 100 1# - ASIENTO PRINCIPAL -- NOMBRE PERSONAL | |
| Nombre personal | Meadows, Daisy |
| 240 1# - TITULO UNIFORME | |
| Título uniforme | Polly, the party fun fairy / |
| 245 10 - MENCIÓN DE TITULO | |
| Título | Diana el hada de la diversión / |
| Medio (Designación general de material) | |
| Mención de responsabilidad | Daisy Meadows ; ilustraciones Georgie Ripper ; traducción Estrella Borrego |
| 260 ## - PUBLICACIÓN, DISTRIBUCIÓN, ETC. (PIE DE IMPRENTA) | |
| Lugar de publicación, distribución, etc | Barcelona : |
| Nombre del editor, distribuidor, etc. | Montena, |
| Fecha de publicación, distribución, etc | 2010. |
| 300 ## - DESCRIPCIÓN FÍSICA | |
| Extensión | 73 p.: |
| Otros detalles físicos | il. ; |
| Dimensiones | 20 cm |
| 490 ## - MENCIÓN DE SERIES | |
| Mención de serie | La magia del arco iris |
| Volume/sequential designation | 19 |
| 490 ## - MENCIÓN DE SERIES | |
| Mención de serie | Las hadas de las fiestas |
| 700 1# - ASIENTO SECUNDARIO -- NOMBRE PERSONAL | |
| Nombre personal | Ripper, Georgie |
| Mención de responsabilidad | il. |
| 700 1# - ASIENTO SECUNDARIO -- NOMBRE PERSONAL | |
| Nombre personal | Borrego, Estrella |
| Mención de responsabilidad | trad. |
| 830 ## - ASIENTO SECUNDARIO DE SERIE--TÍTULO UNIFORME | |
| Título uniforme | La magia del arco iris |
| Volume number/sequential designation | 19 |
| 830 ## - ASIENTO SECUNDARIO DE SERIE--TÍTULO UNIFORME | |
| Título uniforme | Las hadas de las fiestas |
| 942 ## - ADDED ENTRY ELEMENTS (KOHA) | |
| Source of classification or shelving scheme | Dewey Decimal Classification |
| Koha item type | Libros |
| 945 ## - INFORMACIÓN DE PROCESAMIENTO LOCAL | |
| Información de procesamiento local | Inventariado, 2018 / BT |
| 956 ## - LOCAL ELECTRONIC LOCATION AND ACCESS (OCLC) | |
| Nombre de host | YLOCKWARD |
| Número de acceso | 10 |
| Información de compresión | 20170119 |
| Trayectoria | BPMSU |
| Nombre Electrónico | 00144 |
| Withdrawn status | Lost status | Source of classification or shelving scheme | Damaged status | Not for loan | Collection code | Home library | Current library | Date acquired | Source of acquisition | Total Checkouts | Full call number | Barcode | Date last seen | Price effective from | Koha item type |
|---|---|---|---|---|---|---|---|---|---|---|---|---|---|---|---|
| Dewey Decimal Classification | Colección Infantil General | Biblioteca Pública Metropolitana Salomé Ureña | Biblioteca Pública Metropolitana Salomé Ureña | 01/23/2017 | FUNDI | xxxx xxxx | BPMSU17010755 | 01/23/2017 | 01/23/2017 | Libros |